| 000 | 00390nam a2200157Ia 4500 | ||
|---|---|---|---|
| 008 | 221030s9999 xx 000 0 und d | ||
| 020 | _a0074603701 | ||
| 041 | _aEnglish | ||
| 082 |
_a105.23 _bSub |
||
| 100 | _aV. Subrahmanyam | ||
| 245 | 0 |
_aElectric Drives : Concepts & Applications _cby V. Subrahmanyam |
|
| 260 |
_bTMH _aNew Delhi _c2002 |
||
| 300 | _a715 | ||
| 650 | _aEE | ||
| 942 | _cBK | ||
| 999 |
_c8305 _d8305 |
||